Napastnicy mistrzów Ekstraklasy w XXI w. - foto quiz - Statystyki

Ogólne statystyki
  • Ten quiz został rozwiązany 23 razy
  • Średni wynik to 17 z 25
Statystyki odpowiedzi
Obrazkowy Hint Odpowiedź % Poprawnych
2024 Afimico Pululu
100%
2022 Mikael Ishak
100%
2025 Mikael Ishak
96%
2010 Robert Lewandowski
96%
2016 Nemanja Nikolić
91%
2017 Nemanja Nikolić
87%
2008 Paweł Brożek
87%
2009 Paweł Brożek
87%
2001 Tomasz Frankowski
87%
2005 Tomasz Frankowski
87%
2013 Danijel Ljuboja
83%
2003 Maciej Żurawski
83%
2004 Maciej Żurawski
83%
2018 Jarosław Niezgoda
74%
2021 Tomáš Pekhart
74%
2020 Jarosław Niezgoda
70%
2002 Cezary Kucharski
61%
2006 Piotr Włodarczyk
57%
2019 Piotr Parzyszek
52%
2023 Vladislavs Gutkovskis
43%
2014 Wladimer Dwaliszwili
26%
2015 Zaur Sadajew
22%
2007 Michał Chałbiński
17%
2011 Cwetan Genkow
13%
2012 Johan Voskamp
13%
Nie znaleziono quizów pasujących do podanych kryteriów
Rozkład punktacji
Procent ludzi z każdym wynikiem
Percentyl według liczby udzielonych odpowiedzi
Twoja historia wyników
Nie rozwiązałeś tego quizu